ბათუმის შოთა რუსთაველის სახელმწიფო უნივერსიტეტის ბიბლიოთეკა

რაც მტრობას დაუნგრევია (ბიბ.ჩანაწერი № 51215)

000 -LEADER
fixed length control field 01075nam a2200253Ia 4500
001 - CONTROL NUMBER
control field 18175
003 - CONTROL NUMBER IDENTIFIER
control field GE_BSU
008 - FIXED-LENGTH DATA ELEMENTS--GENERAL INFORMATION
fixed length control field 181216s||||||||xx |||||||||||||| ||und||
040 ## - CATALOGING SOURCE
Transcribing agency GE_BSU
080 ## - UNIVERSAL DECIMAL CLASSIFICATION NUMBER
Universal Decimal Classification number 811.161.1(072)
245 ## - TITLE STATEMENT
Title რაც მტრობას დაუნგრევია
245 ## - TITLE STATEMENT
Remainder of title მეთოდ. სახელმძღვ. რუსული ენის მასწ. (მე-7 კლ.). დაამტკიცა საქართველოს განათლების სამინისტრომ
245 ## - TITLE STATEMENT
Statement of responsibility, etc. ავტ.: ნ. გვარამია. ანა ხუროშვილი
250 ## - EDITION STATEMENT
Edition statement წითელი ჯვრის საერთაშორისო კომიტეტი
260 ## - PUBLICATION, DISTRIBUTION, ETC.
Place of publication, distribution, etc. თბილისი
260 ## - PUBLICATION, DISTRIBUTION, ETC.
Name of publisher, distributor, etc. სი-ჯი-ესი
260 ## - PUBLICATION, DISTRIBUTION, ETC.
Date of publication, distribution, etc. 2004
300 ## - PHYSICAL DESCRIPTION
Extent 24გვ. ; 21სმ
300 ## - PHYSICAL DESCRIPTION
Accompanying material ბიბლ.
653 ## - INDEX TERM--UNCONTROLLED
Uncontrolled term რაც მტრობას დაუნგრევია
653 ## - INDEX TERM--UNCONTROLLED
Uncontrolled term რუსული ენა
942 ## - ADDED ENTRY ELEMENTS (KOHA)
Koha item type წიგნი
ეგზემპლარები
Withdrawn status Lost status Damaged status Not for loan Date acquired Barcode Date last seen Price effective from Koha item type
        2018-12-17 46337 2018-12-17 2018-12-17 წიგნი
        2018-12-17 46340 2018-12-17 2018-12-17 წიგნი